000 01008nam a2200289 a 4500
001 856
003 BR-CuiBMT
005 20231128002755.0
008 231121s2016 mgba 000 0 por d
020 _a9788577009244
040 _aBR-CuiBMT
_cBR-CuiBMT
080 _22007
_a351.712:349.6
090 _a351.712:349.6
_bP195
245 0 0 _aPanorama de licitações sustentáveis :
_bdireito e gestão pública /
_cTeresa Villac, Marcos Weiss Bliacheris, Lilian Castro de Souza, coordenadores ; Juarez Freitas, prefácio.
260 _aBelo Horizonte :
_bFórum,
_c2016.
300 _a394 p. :
_bil. ;
_c22 cm
504 _aInclui bibliografia.
590 _aA Biblioteca possui a 1. reimpr. 2016.
650 _aDireito ambiental
650 _aDesenvolvimento sustentável
650 _aLicitação
650 _aCompras governamentais
700 1 _aBarki, Teresa Villac Pinheiro
_4coord.
700 1 _aBliacheris, Marcos Weiss
_4coord.
700 1 _aSouza, Lilian Castro de
_4coord.
942 _2udc
_cLV
999 _c856
_d856